| 000 | 02035cam a2200253 4500 | ||
|---|---|---|---|
| 001 | L129436 | ||
| 008 | 080702s2006 xxko f s 001 0 eng u | ||
| 020 | _a0415318920 | ||
| 035 | _a(Sirsi) u129436 | ||
| 050 | 0 | 4 | _a725.54 $2 18 |
| 100 | _aImrie, Rob | ||
| 245 |
_aAccessible housing _bquality, disability and design |
||
| 260 |
_aOxon _bRoutledge _c2006 |
||
| 300 |
_a250p. _c25cm. |
||
| 505 | 2 | _aPart 1: concepts and contexts - Accessible housing, quality and design -- Disability, design and the speculative house-building industry -- Housing quality, standards and the domestic environment | |
| 505 | 2 | _aPart 2: securing accessible homes - Ideal homes: disabled people's experiences of domestic design. case study: domestic lives - Jenny, Elaine and Toni -- House builders, disability and the design of dwellings. case study: constructing accessible dwellings on sloping sites. The regulation of the house-building industry. Case study: securing accessible housing in two English towns -- Experiential knowledge as a component of housing quality. Case study: cultivating influence through disabled people's organisations. | |
| 505 | 2 | _aPart 3: promoting accessible housing -- Inclusive domestic environments. | |
| 520 | _aConsiders role and significance of house builders in influencing design and construction of accessible housing that meets the needs of people with diabilities. The primary focus of the item is speculative house building process and the construction of private (for sale) dwellings. Describes and evaluates the socio-institutional political and technical relations that underpin the design of housing. Features an exploration of people with disabilities' experiences of inaccessible dwelling spaces and the role of law and regulation relating to the provision of accessible housing. | ||
| 521 | _aAdvanced | ||
| 651 | 4 |
_aEngland and Wales _y1543- |
|
| 651 | 4 |
_aUnited States _y1959- |
|
| 690 | _aMANAGEMENT-BUSINESS MANAGEMENT-DISCRIMINATION-DISABILITY DISCRIMINATION-ACCESSIBILITY | ||
| 942 | _n0 | ||
| 999 |
_c104191 _d104191 |
||